Caballeros de la eternidad (Record no. 132167)

MARC details
000 -LEADER
campo de control de longitud fija 00615nam a2200181 4500
001 - NÚMERO DE CONTROL
campo de control 132167
003 - IDENTIFICADOR DE NÚMERO DE CONTROL
campo de control ES-MaACL
005 - FECHA Y HORA DE LA ÚLTIMA TRANSACCIÓN
campo de control 20230906194123.0
007 - CAMPO FIJO DE DESCRIPCIÓN FÍSICA--INFORMACIÓN GENERAL
campo de control de longitud fija t|
008 - DATOS DE LONGITUD FIJA--INFORMACIÓN GENERAL
campo de control de longitud fija 070214s1961 ve r ||||1| spa d
080 ## - NÚMERO DE LA CLASIFICACIÓN DECIMAL UNIVERSAL
Número de la Clasificación Decimal Universal 821.134.2(87).09
100 1# - ENTRADA PRINCIPAL--NOMBRE DE PERSONA
Nombre de persona Rojas Jiménez, Oscar.
9 (RLIN) 99072
245 10 - MENCIÓN DEL TÍTULO
Título Caballeros de la eternidad
Resto del título : (ensayos de literatura venezolana) /
Mención de responsabilidad, etc. Oscar Rojas Jiménez.
260 ## - PUBLICACIÓN, DISTRIBUCIÓN, ETC.
Lugar de publicación, distribución, etc. Caracas :
Nombre del editor, distribuidor, etc. [s.n.],
Fecha de publicación, distribución, etc. 1961 (
Lugar de fabricación/manufactura Zaragoza :
Fabricante Imprenta Heraldo de Aragón)
300 ## - DESCRIPCIÓN FÍSICA
Extensión 100 p. ;
Dimensiones 25 cm.
650 #4 - PUNTO DE ACCESO ADICIONAL DE MATERIA--TÉRMINO DE MATERIA
Término de materia o nombre geográfico como elemento de entrada Literatura venezolana-
Subdivisión general Historia y crítica.
9 (RLIN) 140410
852 ## - LOCALIZACIÓN
Ubicación ES-MaACL
Número de control de estantería E-13146
Sublocalización o colección R.47762
Holdings
Estatus retirado Estado de pérdida Estado de daño No para préstamo Biblioteca de origen Biblioteca actual Ubicación en estantería Fecha de adquisición Fuente de adquisición Total de préstamos Signatura topográfica completa Código de barras Visto por última vez Precio de reemplazo Tipo de ítem Koha
        Biblioteca del Ateneo de Madrid Biblioteca del Ateneo de Madrid Depósito 2 17/01/2008     E-13146 1137599 23/02/2023 23/02/2023 Libro impreso